Statistics for Countries With Most Prisoners

Click here to take the quiz!

General Stats

  • This quiz has been taken 673 times
  • The average score is 6 of 20

Answer Stats

PercentCountry% Correct
0.72United States
99%
0.48Russia
82%
0.51Cuba
46%
0.43El Salvador
34%
0.38Thailand
32%
0.44Belarus
30%
0.40Panama
28%
0.36Dominica
27%
0.41Belize
24%
0.31Costa Rica
24%
0.37Bahamas
22%
0.38Barbados
22%
0.70Saint Kitts and Nevis
20%
0.38Saint Vincent and the Grenadines
20%
0.40Grenada
19%
0.40Antigua and Barbuda
18%
0.35Palau
10%
0.41Azerbaijan
9%
0.49Rwanda
7%
0.71Seychelles
6%

Score Distribution

Percentile by Number Answered

Percent of People with Each Score

Your Score History

You have not taken this quiz